Professional Approach to Direct Taxes Law and Practice Including Tax Planning 2010-2011 (Record no. 1193824)

MARC details
000 -LEADER
fixed length control field 00777nam a2200277Ia 4500
003 - CONTROL NUMBER IDENTIFIER
control field OSt
005 - DATE AND TIME OF LATEST TRANSACTION
control field 20221007111754.0
008 - FIXED-LENGTH DATA ELEMENTS--GENERAL INFORMATION
fixed length control field 221006b |||||||| |||| 00| 0 eng d
020 ## - INTERNATIONAL STANDARD BOOK NUMBER
International Standard Book Number 9788177336351
037 ## - SOURCE OF ACQUISITION
Terms of availability Textual
040 ## - CATALOGING SOURCE
Original cataloging agency LCO
Transcribing agency LCO
Language of cataloging eng
041 ## - LANGUAGE CODE
Source of code eng
Language code of text/sound track or separate title eng
100 ## - MAIN ENTRY--PERSONAL NAME
Personal name Ahuja Girish
245 #0 - TITLE STATEMENT
Title Professional Approach to Direct Taxes Law and Practice Including Tax Planning 2010-2011
250 ## - EDITION STATEMENT
Edition statement 22th
260 ## - PUBLICATION, DISTRIBUTION, ETC.
Place of publication, distribution, etc. New
Name of publisher, distributor, etc. Delhi Bharat Law House Pvt. Ltd. India
Date of publication, distribution, etc. 2010
300 ## - PHYSICAL DESCRIPTION
Extent 1583
650 ## - SUBJECT ADDED ENTRY--TOPICAL TERM
Topical term or geographic name entry element DIRECT TAXES
9 (RLIN) 431678
700 ## - ADDED ENTRY--PERSONAL NAME
Personal name Gupta Ravi
942 ## - ADDED ENTRY ELEMENTS (KOHA)
Classification part X72:(Z), Q0
Koha item type Textual

No items available.

Copyright @ Delhi University Library System